La energía humana
Guardado en:
| Autor principal: | |
|---|---|
| Formato: | Libro |
| Lenguaje: | español |
| Publicado: |
Madrid
Taurus
1973
|
| Colección: | Ensayistas de hoy, 34
|
| Materias: | |
| Etiquetas: |
Agregar Etiqueta
Sin Etiquetas, Sea el primero en etiquetar este registro!
|
MARC
| LEADER | 00000nam a2200000 a 4500 | ||
|---|---|---|---|
| 001 | UCY6989 | ||
| 003 | CL-VaPUC | ||
| 008 | 950602e19730000SP |||||||||||||||||spa|d | ||
| 082 | 0 | 4 | |a 118 |b TEI |2 21 |
| 100 | 0 | |a Teilhard de Chardin, Pierre |e author |9 315457 | |
| 245 | 1 | 3 | |a La energía humana |
| 300 | |a 201 p | ||
| 942 | |c BK | ||
| 945 | |d 19950602 00:00:00 |a cmena | ||
| 260 | |a Madrid |b Taurus |c 1973 | ||
| 600 | 0 | |a Dios |9 314467 | |
| 650 | 0 | |a Naturaleza humana |9 308593 | |
| 650 | 7 | |a HOMBRE |2 CL-VaPUC |9 262149 | |
| 650 | 0 | |a Energía |9 259431 | |
| 650 | 0 | |a Amor |9 257817 | |
| 650 | 0 | |a Investigación |9 257811 | |
| 650 | 7 | |a SUFRIMIENTO |2 CL-VaPUC |9 323030 | |
| 650 | 0 | |a Desarrollo individual |9 307875 | |
| 650 | 0 | |a Psicología del desarrollo |9 307541 | |
| 650 | 0 | |a Personalidad |9 307255 | |
| 650 | 7 | |a DESARROLLO MORAL |2 CL-VaPUC |9 310605 | |
| 650 | 0 | |a Misticismo |9 265505 | |
| 650 | 0 | |a Experiencia religiosa |9 315549 | |
| 583 | |a last modification |c 19950602 00:00:00 |k Rodrigo Vera | ||
| 490 | 0 | |a Ensayistas de hoy, 34 | |
| 999 | |c 234466 |d 234464 | ||
| 952 | |0 0 |1 0 |4 0 |6 118_000000000000000_TEI_1973 |7 0 |8 A |9 240808 |a BIBEDU |b BIBEDU |d 2019-11-18 |i 1515608 |o 118 TEI 1973 |p 1515608 |r 2019-11-18 |w 2019-11-18 |y BK |k EDU | ||
| 952 | |0 0 |1 0 |4 0 |6 118_000000000000000_TEI_1973 |7 0 |8 A |9 240809 |a BIBEDU |b BIBEDU |d 2019-11-18 |i 2917033 |o 118 TEI 1973 |p 2917033 |r 2019-11-18 |w 2019-11-18 |y BK |k FIL | ||